Music Quiz

Random Music or Rock Quiz

Women of Rock Quiz Stats

Quiz Updated Oct 6, 2014

Also try: Fierce Females
Challenge
Share
Tweet
Score 0/25 Timer 05:00
3 Plays Today
Woman % Correct
Tina Turner
88.9%
Janis Joplin
85.7%
Gwen Stefani
85%
Joan Jett
82%
Courtney Love
79.2%
Sheryl Crow
78.1%
Alanis Morissette
69.5%
Debbie Harry
68.6%
Björk
63.2%
Stevie Nicks
59.3%
Melissa Etheridge
55.9%
Pat Benatar
55.6%
Joni Mitchell
50.3%
Woman % Correct
Carly Simon
48.1%
Patti Smith
44.2%
Bonnie Tyler
42.6%
Ann & Nancy Wilson
42.5%
Chrissie Hynde
38.8%
Fiona Apple
38.6%
Linda Ronstadt
33%
Grace Slick
26.5%
Lita Ford
21.7%
PJ Harvey
11.6%
Marianne Faithfull
10.5%
Kim Deal
10.1%

You're not logged in!

Compare scores with friends on all Sporcle quizzes.
Sign Up with Email
OR
Log In

You Might Also Like...

Show Comments

Extras

Top Quizzes Today


Score Distribution

Your Account Isn't Verified!

In order to create a playlist on Sporcle, you need to verify the email address you used during registration. Go to your Sporcle Settings to finish the process.